000 00435cam a2200169ua 4500
020 _a0-07-0113383-6
041 _aeng
_h
082 _a028.73004
_bMCD/IB
100 _aMcDaniel, George .
245 0 0 _aIBM dictionary of computing /
_cGeorge McDaniel.
_hTextual Documents
250 _a1 /
_b.
260 _aNew York :
_bMcGraw Hill Book Company ,
_c1994.
300 _a758 ; .
504 _a
942 _cBK
999 _c9870
_d9870